| 000 | 00582nam a22001937a 4500 | ||
|---|---|---|---|
| 005 | 20140116155441.0 | ||
| 010 | _aENG-109107 | ||
| 020 |
_a9789350620762 _c295.00 |
||
| 035 | _aEN-92640 | ||
| 037 | _bDBAD/PUB | ||
| 082 | _a005.36 | ||
| 100 | _aPrice, Cheryl | ||
| 245 |
_aDevelop and use complex spreadsheets : _cby Cheryl Price [and] Julia Wix _bExcel 2003 / |
||
| 260 |
_aNew Delhi _bExcel Books _c2012 |
||
| 270 |
_aA- 45, Naraina, Phase 1 _bNew Delhi _e110028 |
||
| 300 |
_alxxvi,287p. _c24cm(pbk) |
||
| 700 | _aWix, Julia | ||
| 942 |
_2ddc _cEN _mPRI _h005.36 |
||
| 999 |
_c81939 _d81939 |
||